[Event "Torshavn Rokur op"]
[Site "Torshavn"]
[Date "2023.01.14"]
[Round "4"]
[White "Olsen, Rogvi Heinason"]
[Black "Olsen, Wille"]
[Result "1/2-1/2"]
[WhiteElo "1400"]
[BlackElo "1998"]
[PlyCount "81"]
[EventDate "2023.01.13"]
[EventType "swiss"]
[EventRounds "7"]
[EventCountry "FAI"]
[SourceTitle "EXT 2024"]
[Source "ChessBase"]
[SourceDate "2023.10.10"]
[SourceVersion "1"]
[SourceVersionDate "2023.10.10"]
[SourceQuality "1"]

1. d4 d5 2. c4 e6 3. Nc3 c5 4. cxd5 exd5 5. Nf3 Nc6 6. g3 Nf6 7. Bg2 Be7 8. 0-0 0-0 9. Bg5 cxd4 10. Nxd4 h6 11. Bxf6 Bxf6 12. Nxc6 bxc6 13. Rc1 Re8 14. e4 Rb8 15. exd5 cxd5 16. Nxd5 Bxb2 17. Rb1 Bf5 18. Qa4 Bxb1 19. Rxb1 Be5 20. Rd1 Rc8 21. Nb4 Qf6 22. Nc6 Bc3 23. Qb5 Re1+ 24. Rxe1 Bxe1 25. Qe2 Rxc6 26. Bxc6 Qxc6 27. Qxe1 Qa4 28. Qd2 g6 29. h4 h5 30. Kg2 a5 31. Qd5 Qb4 32. Kg1 a4 33. Kg2 a3 34. Kg1 Qc3 35. Kg2 Kg7 36. Kh3 Qf6 37. Kg2 Qa1 38. Qb3 Qb2 39. Qd5 Qc3 40. Kg1 Kg8 41. Qd8+ 1/2-1/2

[Event "FAI-chT 1314"]
[Site "Torshavn"]
[Date "2014.02.09"]
[Round "8.2"]
[White "Olsen, Wille"]
[Black "Hojgaard, Brandur"]
[Result "1/2-1/2"]
[WhiteElo "2053"]
[BlackElo "1760"]
[PlyCount "52"]
[EventDate "2013.10.27"]
[EventType "team-tourn"]
[EventRounds "10"]
[EventCountry "FAI"]
[SourceTitle "EXT 2019"]
[Source "ChessBase"]
[SourceDate "2018.10.10"]
[SourceVersion "1"]
[SourceVersionDate "2018.10.10"]
[SourceQuality "1"]
[WhiteTeam "Klaksvik"]
[BlackTeam "Toftir"]
[WhiteTeamCountry "FAI"]
[BlackTeamCountry "FAI"]

1. d4 d5 2. c4 e6 3. Nc3 Nf6 4. Bg5 Be7 5. e3 c6 6. Nf3 Nbd7 7. cxd5 exd5 8. Qc2 Nh5 9. Bxe7 Qxe7 10. 0-0-0 Nhf6 11. g4 Nb6 12. h3 h6 13. Bd3 Be6 14. Kb1 0-0-0 15. Ne5 Nfd7 16. f4 Nxe5 17. dxe5 Kb8 18. Rhe1 Qb4 19. a3 Qc5 20. f5 Bc8 21. Qh2 Ka8 22. Rc1 Qe7 23. e4 d4 24. f6 gxf6 25. exf6 Qxf6 26. e5 Qe7 1/2-1/2

[Event "FAI-chT 1314"]
[Site "Torshavn"]
[Date "2014.01.25"]
[Round "6.2"]
[White "Baldursson, Rani"]
[Black "Olsen, Wille"]
[Result "1-0"]
[WhiteElo "1943"]
[BlackElo "2053"]
[PlyCount "101"]
[EventDate "2013.10.27"]
[EventType "team-tourn"]
[EventRounds "10"]
[EventCountry "FAI"]
[SourceTitle "EXT 2019"]
[Source "ChessBase"]
[SourceDate "2018.10.10"]
[SourceVersion "1"]
[SourceVersionDate "2018.10.10"]
[SourceQuality "1"]
[WhiteTeam "Klaksvik II"]
[BlackTeam "Klaksvik"]
[WhiteTeamCountry "FAI"]
[BlackTeamCountry "FAI"]

1. e4 e6 2. d3 d5 3. Nd2 c5 4. Ngf3 Nc6 5. g3 b6 6. Bg2 dxe4 7. dxe4 Ba6 8. c4 Bb7 9. 0-0 Nf6 10. Qe2 Be7 11. Rd1 e5 12. Nb1 Nd7 13. Nc3 0-0 14. Bh3 Nd4 15. Nxd4 cxd4 16. Bf5 g6 17. Bh3 Bf6 18. Nd5 Bg7 19. b3 Nc5 20. Ba3 Re8 21. Rac1 Bh6 22. Rb1 Ne6 23. Bg4 Bg7 24. h4 h5 25. Bh3 Rc8 26. Rbc1 Bh6 27. Rc2 a5 28. Qf3 Bg7 29. Bc1 Rc5 30. Ba3 Rc6 31. Kh2 b5 32. Qd3 Ba6 33. Bf1 g5 34. hxg5 Qxg5 35. Rdc1 b4 36. Bb2 h4 37. Bh3 Nc5 38. Qf3 hxg3+ 39. fxg3 Rh6 40. Kg2 Ne6 41. Rf1 Nf4+ 42. Nxf4 exf4 43. Qxf4 Qh5 44. Qf5 Rxe4 45. Qxe4 Qxh3+ 46. Kg1 Be5 47. Qf3 Kh8 48. Bc1 d3 49. Bb2 Bxb2 50. Rxb2 Rg6 51. Rh2 1-0

[Event "FAI-chT 1314"]
[Site "Torshavn"]
[Date "2014.01.25"]
[Round "7.2"]
[White "Nielsen, Hogni Egilstoft"]
[Black "Olsen, Wille"]
[Result "1-0"]
[WhiteElo "2102"]
[BlackElo "2053"]
[PlyCount "83"]
[EventDate "2013.10.27"]
[EventType "team-tourn"]
[EventRounds "10"]
[EventCountry "FAI"]
[SourceTitle "EXT 2019"]
[Source "ChessBase"]
[SourceDate "2018.10.10"]
[SourceVersion "1"]
[SourceVersionDate "2018.10.10"]
[SourceQuality "1"]
[WhiteTeam "Sandavagur"]
[BlackTeam "Klaksvik"]
[WhiteTeamCountry "FAI"]
[BlackTeamCountry "FAI"]

1. e4 e6 2. d4 d5 3. Nd2 dxe4 4. Nxe4 Nd7 5. Nf3 Ngf6 6. Ng3 c5 7. c3 Be7 8. Bd3 0-0 9. 0-0 b6 10. Re1 Bb7 11. Qe2 Re8 12. Bd2 a6 13. Rad1 cxd4 14. Nxd4 Nf8 15. Bc1 Qc7 16. Nh5 b5 17. Bf4 Qc5 18. Nxf6+ Bxf6 19. Nb3 Qb6 20. Be3 Qc7 21. Nc5 Bc6 22. Bc2 Be7 23. Nb3 Red8 24. Nd4 Bb7 25. Qg4 Bf6 26. Bg5 Bxg5 27. Qxg5 Rd5 28. Qg4 Rad8 29. Bb3 R5d6 30. Rd3 Bd5 31. Bc2 b4 32. Rg3 g6 33. h4 bxc3 34. bxc3 R8d7 35. h5 Qd8 36. hxg6 fxg6 37. Nf3 Rc7 38. Ne5 Bxa2 39. Qf4 Bd5 40. Ng4 Rdc6 41. Qe5 Rg7 42. Nh6+ 1-0

[Event "FAI-chT 1213"]
[Site "Faroe Islands"]
[Date "2012.11.18"]
[Round "3.2"]
[White "Olsen, Wille"]
[Black "Samuelsen, Carl Eli Nolsoe"]
[Result "1/2-1/2"]
[WhiteElo "2053"]
[BlackElo "2213"]
[PlyCount "58"]
[EventDate "2012.10.28"]
[EventType "team-tourn"]
[EventRounds "10"]
[EventCountry "FAI"]
[SourceTitle "EXT 2014"]
[Source "ChessBase"]
[SourceDate "2013.11.20"]
[SourceVersion "1"]
[SourceVersionDate "2013.11.20"]
[SourceQuality "1"]
[WhiteTeam "Klaksvik"]
[BlackTeam "Sandavagur"]
[WhiteTeamCountry "FAI"]
[BlackTeamCountry "FAI"]

1. Nf3 d5 2. d4 e6 3. c4 Nf6 4. Bg5 Be7 5. e3 Nbd7 6. Nc3 c6 7. cxd5 exd5 8. Qc2 0-0 9. Bd3 Re8 10. 0-0 Nf8 11. Rab1 g6 12. b4 Ne6 13. Bh4 a5 14. a3 Ng7 15. Na4 axb4 16. axb4 Bf5 17. Bxf5 Nxf5 18. Bxf6 Bxf6 19. Nc5 Nd6 20. Ra1 Qe7 21. Nd3 Nc4 22. Qb3 b5 23. Nc5 Ra7 24. Ra2 Rea8 25. Rfa1 Kg7 26. g3 h5 27. h4 Qc7 28. Kg2 Qe7 29. Qc2 Na3 1/2-1/2

[Event "FAI-chT"]
[Site "Faroe Islands"]
[Date "2012.01.08"]
[Round "5.2"]
[White "Jacobsen, Heidrikur Tindskar"]
[Black "Olsen, Wille"]
[Result "1-0"]
[WhiteElo "1899"]
[BlackElo "2061"]
[PlyCount "125"]
[EventDate "2011.10.30"]
[EventType "team-tourn"]
[EventRounds "10"]
[EventCountry "FAI"]
[SourceTitle "EXT 2013"]
[Source "ChessBase"]
[SourceDate "2012.11.22"]
[SourceVersion "1"]
[SourceVersionDate "2012.11.22"]
[SourceQuality "1"]
[WhiteTeam "Havnin II"]
[BlackTeam "Klaksvik II"]
[WhiteTeamCountry "FAI"]
[BlackTeamCountry "FAI"]

1. d4 e6 2. c4 d5 3. Nc3 c5 4. e3 Nf6 5. Nf3 Nc6 6. Be2 Be7 7. 0-0 0-0 8. b3 cxd4 9. exd4 b6 10. Bb2 Bb7 11. Rc1 Rc8 12. a3 dxc4 13. Bxc4 Na5 14. Ne5 Nxc4 15. bxc4 a6 16. Ne2 Ba8 17. Qa4 Bb7 18. Rfd1 b5 19. Qb3 Ba8 20. c5 Qc7 21. f3 Nd5 22. Ng3 f6 23. Nd3 Rfe8 24. Re1 Bf8 25. Rc2 Qf7 26. Ne4 h6 27. a4 Bc6 28. a5 Kh8 29. Nb4 Nxb4 30. Qxb4 Bd5 31. Nc3 Bc4 32. Rcc1 e5 33. Ne4 exd4 34. Bxd4 f5 35. Nd6 Bxd6 36. cxd6 Qd5 37. Rxe8+ Rxe8 38. Qc5 Qxc5 39. Bxc5 Rd8 40. Re1 Rd7 41. Re8+ Kh7 42. Kf2 Kg6 43. Ra8 b4 44. Bxb4 Kf6 45. Ke3 Ke5 46. f4+ Kd5 47. Rc8 Bf1 48. Rc5+ Ke6 49. Re5+ Kf6 50. g3 g6 51. Kd4 Rb7 52. Kc5 Rb5+ 53. Kc6 Bg2+ 54. Kc7 Rb7+ 55. Kc8 Rxb4 56. Rc5 Rd4 57. d7 Bb7+ 58. Kc7 Be4 59. d8Q+ Rxd8 60. Kxd8 Bd3 61. Rc6+ Kf7 62. Rb6 Bf1 63. Kc7 1-0

[Event "FAI-chT 0809"]
[Site "Faroe Islands"]
[Date "2009.03.15"]
[Round "9.2"]
[White "Olsen, Wille"]
[Black "Samuelsen, Carl Eli Nolsoe"]
[Result "0-1"]
[WhiteElo "1945"]
[BlackElo "2297"]
[PlyCount "134"]
[EventDate "2008.09.28"]
[EventType "team-tourn"]
[EventRounds "10"]
[EventCountry "FAI"]
[SourceTitle "EXT 2011"]
[Source "ChessBase"]
[SourceDate "2010.11.26"]
[SourceVersion "1"]
[SourceVersionDate "2010.11.26"]
[SourceQuality "1"]

1. d4 Nf6 2. c4 g6 3. Nc3 d5 4. cxd5 Nxd5 5. e4 Nxc3 6. bxc3 Bg7 7. Bc4 c5 8. Ne2 0-0 9. 0-0 cxd4 10. cxd4 Nc6 11. Be3 Bg4 12. f3 Na5 13. Bd3 Be6 14. Rc1 Bxa2 15. Qa4 Be6 16. d5 Bd7 17. Qb4 b6 18. Bg5 Re8 19. d6 f6 20. dxe7 Qxe7 21. Qxe7 Rxe7 22. Bf4 Rc8 23. Ba6 Rxc1 24. Rxc1 Bf8 25. Bd6 Rf7 26. Bxf8 Kxf8 27. Nd4 Re7 28. Rc7 Be8 29. Rc8 Kf7 30. Kf2 Bd7 31. Rh8 Kg7 32. Ra8 Nc6 33. Nb5 Nb4 34. Nc7 Nxa6 35. Nxa6 Bc6 36. Rd8 Rd7 37. Rb8 Bb7 38. Nb4 Kf7 39. Ke3 Ke6 40. f4 a5 41. Nd5 b5 42. Re8+ Kf7 43. Rh8 Bxd5 44. Rxh7+ Ke8 45. Rh8+ Ke7 46. exd5 Rxd5 47. Ra8 a4 48. g4 g5 49. Ra6 Rd6 50. Ra7+ Ke6 51. fxg5 fxg5 52. Ra5 Rb6 53. Kd4 Rd6+ 54. Ke4 Rb6 55. Kd4 Kd6 56. Ra7 b4 57. Rxa4 b3 58. Ra1 b2 59. Rb1 Ke6 60. Ke4 Rb4+ 61. Kf3 Ke5 62. Kg3 Rb3+ 63. Kg2 Kf4 64. h3 Ke4 65. Kh2 Kd3 66. h4 gxh4 67. Rg1 b1Q 0-1